| 000 | 00641nam a22001697a 4500 | ||
|---|---|---|---|
| 003 | OSt | ||
| 005 | 20140310182126.0 | ||
| 008 | 130828t xxu||||| |||| 00| 0 eng d | ||
| 050 |
_aQA 273 _b.In61S1 2009 |
||
| 110 |
_aInternational Baccalaureate Organization _9203 |
||
| 245 |
_a2009 practice examination paper for the use with the IB diploma programme : _bMathemats HL paper 1 solutions / _cInternational Baccalaureate Organization |
||
| 260 |
_a[S.I.] : _bInternational Baccalaureate Organization, _cc2009. |
||
| 300 |
_a11 leaves : _c30 cm. |
||
| 650 |
_aPractice examination _xMathematics _xSolutions _914342 |
||
| 942 | _2lcc | ||
| 999 |
_c9616 _d9616 |
||